General Knowledge 9 - Statistics

General Stats
  • This quiz has been taken 78 times
  • The average score is 7 of 15
Answer Stats
Hint Answer % Correct
What is the name of the river that runs through the centre of Paris? Seine
92%
In what city does Batman live? Gotham
82%
What British private school has its own 3km purpose made rowing lake (Dorney Lake)? Eton
70%
What is the only passenger plane to have gone supersonic? Concorde
64%
What meringue based desert is named after a Russian ballerina? Pavlova
61%
Before the ISS what was the name of the Russian space station? Mir
55%
After China, India and the US what country has the next largest population? Indonesia
53%
What is the longest type of snake? With the longest measuring in at 7.67m. Python
53%
In what city can the Mannekin pis be found? Brussels
42%
What country was awarded the George cross and so has it on its flag? Malta
35%
What sport is played on the largest pitch? Polo
35%
What is the name for the building where the German parliament meet? Reichstag
34%
What flower is Saffron the stigma/style from? Crocus
31%
With a total of 220, what country has the most pyramids? Sudan
31%
What card games aim is to get the closest to the number 9? Bacarat
4%
No matching quizzes found
Score Distribution
Percent of People with Each Score
Percentile by Number Answered
Your Score History
You have not taken this quiz